Steel Ball Run - Theme Lyrics - Statistics

General Stats
  • This quiz has been taken 6 times
  • The average score is 22 of 45
Answer Stats
Official Lyrics % Correct
Ball
100%
Ball
100%
Run
100%
Run
100%
Steel
100%
Steel
100%
the
100%
the
100%
to
100%
to
100%
to
100%
to
100%
We
83%
we
83%
race
67%
start
67%
from
50%
from
50%
this
50%
10 AM
33%
1890
33%
east
33%
find
33%
Jojo
33%
make
33%
make
33%
me
33%
west
33%
with
33%
come
17%
Help
17%
left
17%
looking
17%
never
17%
right,
17%
soul
17%
stand
17%
stop
17%
yeah!
17%
Yeah!
17%
You
17%
your
17%
your
17%
can
0%
way
0%
No matching quizzes found
Score Distribution
Percent of People with Each Score
Percentile by Number Answered
Your Score History
You have not taken this quiz